000
00315nam a2200133Ia 4500
008
190723s9999 xx 000 0 und d
020
_a
978-1-4425-0838-5
100
_a
Kate Mudie
245
0
_a
Heineman Biology Preliminary
250
_a
3rd
260
_a
Australia
_b
Pearson
_c
2009
300
_a
327.:p
942
_c
BK
999
_c
1883
_d
1883